[Event "49th Biel Master Open"]
[Site "Biel SUI"]
[Date "2016.07.27"]
[Round "3.6"]
[White "Balogh, Csaba"]
[Black "Shyam, Sundar M."]
[Result "1/2-1/2"]
[WhiteTitle "GM"]
[BlackTitle "GM"]
[WhiteElo "2635"]
[BlackElo "2526"]
[WhiteFideId "718939"]
[BlackFideId "5019141"]
[EventDate "2016.07.25"]

1. e4 c5 2. Nf3 d6 3. Bb5+ Bd7 4. Bxd7+ Qxd7 5. c4 e5 6. Nc3 Nc6 7. d3 g6 8. a3
Bg7 9. Rb1 Nge7 10. b4 O-O 11. O-O Nd4 12. bxc5 dxc5 13. Nxd4 cxd4 14. Nd5 f5
15. Bd2 Nxd5 16. exd5 e4 17. Re1 Rae8 18. Bb4 Rf7 19. f4 b6 20. a4 Bf6 21. a5 b5
22. Qb3 bxc4 23. Qxc4 Rc8 24. Qa6 Re8 25. d6 g5 26. Rbc1 Qb7 27. Qxb7 Rxb7 28.
Bc5 gxf4 29. Rc4 Bh4 30. Rec1 e3 31. Bxd4 Bf2+ 32. Kf1 Rd7 33. Rc8 e2+ 34. Kxf2
e1=Q+ 35. Rxe1 Rxc8 36. Re6 Rc6 37. Kf3 Rcxd6 38. Rxd6 Rxd6 39. Bxa7 Rxd3+ 40.
Kxf4 Rd2 41. Kxf5 Rd5+ 42. Kf4 Rxa5 43. Be3 Ra2 44. Kf3 Kf7 45. h4 Ke6 46. g4
Ra4 47. h5 Ke5 48. g5 Kf5 49. g6 hxg6 50. hxg6 Kxg6 51. Bc5 Kf5 52. Ke3 Re4+ 53.
Kf3 Rc4 54. Bb6 Rc3+ 55. Be3 Ra3 56. Kf2 Ke4 57. Bc5 Rf3+ 58. Kg2 Kf4 59. Bd6+
Kg4 60. Bc5 Rg3+ 61. Kf2 Rc3 62. Bd4 Rf3+ 63. Kg2 Rd3 64. Ba7 Rd2+ 65. Bf2 Ra2
66. Kg1 Kf3 67. Bb6 Rg2+ 68. Kh1 Rg6 69. Ba7 Ke2 70. Kh2 Rg7 71. Bd4 Rg8 72. Bb6
Kf3 73. Kh1 Rg2 74. Ba7 Kg3 75. Bb8+ Kh3 76. Ba7 Ra2 77. Bb6 Ra1+ 78. Bg1 Rb1 1/2-1/2

[Event "49th Biel Master Open"]
[Site "Biel SUI"]
[Date "2016.07.27"]
[Round "3.7"]
[White "Al-Sayed, Mohammed"]
[Black "Khairullin, Ildar"]
[Result "1/2-1/2"]
[WhiteTitle "GM"]
[BlackTitle "GM"]
[WhiteElo "2524"]
[BlackElo "2629"]
[WhiteFideId "12100196"]
[BlackFideId "4151348"]
[EventDate "2016.07.25"]

1. d4 Nf6 2. c4 g6 3. Nc3 d5 4. Bg5 Ne4 5. Bh4 Nxc3 6. bxc3 dxc4 7. e3 Be6 8.
Be2 Bg7 9. Nh3 f6 10. Rb1 Qc8 11. Nf4 Bf7 12. Bg4 f5 13. Bf3 c6 14. g4 e6 15.
Rg1 Nd7 16. Nh5 Bh6 17. gxf5 exf5 18. d5 cxd5 19. Bxd5 Bxd5 20. Qxd5 Qc6 21. Qd4
Rf8 22. Ng7+ Bxg7 1/2-1/2

[Event "49th Biel Master Open"]
[Site "Biel SUI"]
[Date "2016.07.27"]
[Round "3.8"]
[White "Kunin, Vitaly"]
[Black "Karthikeyan, Murali"]
[Result "1/2-1/2"]
[WhiteTitle "GM"]
[BlackTitle "GM"]
[WhiteElo "2592"]
[BlackElo "2513"]
[WhiteFideId "4128737"]
[BlackFideId "5074452"]
[EventDate "2016.07.25"]

1. d4 Nf6 2. c4 g6 3. Nc3 Bg7 4. e4 d6 5. h3 O-O 6. Bg5 c5 7. d5 a6 8. Nf3 b5 9.
Bd3 Nbd7 10. O-O bxc4 11. Bxc4 Nb6 12. Bd3 h6 13. Be3 e6 14. dxe6 Bxe6 15. Qd2
Kh7 16. Rfd1 Qe7 17. Rac1 Rfe8 18. Bf4 d5 19. exd5 Nbxd5 20. Be5 Nb4 21. Bb1
Rad8 22. Qe2 Nc6 23. Rxd8 Rxd8 24. Qxa6 Nxe5 25. Nxe5 Nd5 26. Nf3 Nxc3 27. bxc3
Bd5 28. Re1 Qc7 29. Qe2 Bxc3 30. Rc1 Bf6 31. Qe3 c4 32. h4 c3 33. h5 Kg7 34.
hxg6 fxg6 35. Bc2 Bf7 36. a4 Re8 37. Qd3 Rd8 38. Qe3 Re8 39. Qd3 Rb8 40. Ra1 Qa5
41. Re1 Qd5 42. Qxd5 Bxd5 43. Rd1 Bxf3 44. gxf3 Rb2 45. Be4 Bh4 46. Rd6 Bxf2+
47. Kf1 c2 48. Rxg6+ Kf7 49. Bxc2 Rxc2 50. Rg2 Ra2 1/2-1/2

[Event "49th Biel Master Open"]
[Site "Biel SUI"]
[Date "2016.07.27"]
[Round "3.9"]
[White "Rodshtein, Maxim"]
[Black "Gaehwiler, Gabriel"]
[Result "1/2-1/2"]
[WhiteTitle "GM"]
[BlackTitle "FM"]
[WhiteElo "2698"]
[BlackElo "2392"]
[WhiteFideId "2806851"]
[BlackFideId "1314530"]
[EventDate "2016.07.25"]

1. c4 Nf6 2. Nc3 g6 3. e4 d6 4. d4 Bg7 5. Nf3 O-O 6. h3 Na6 7. Be3 e5 8. d5 Nh5
9. g3 Qe8 10. Be2 f5 11. exf5 gxf5 12. Nh4 Nf6 13. Qd2 Nc5 14. O-O-O Na4 15. Nb5
Qd8 16. Qc2 a6 17. Nxd6 cxd6 18. Qxa4 b5 19. Qc2 bxc4 20. Bxc4 Ne4 21. Kb1 Bd7
22. Rc1 Rc8 23. Qe2 f4 24. Bd3 Ng5 25. gxf4 exf4 26. Rxc8 Bxc8 27. Bc1 Qf6 28.
Nf3 Nxf3 29. Qxf3 Bf5 30. Rd1 Rb8 31. Qe2 Bxh3 32. Rg1 Kh8 33. Ka1 Bf5 34. Bxa6
Qd4 35. Bb5 Qb4 36. Rxg7 Kxg7 37. Bc4 Bg6 38. a3 Ra8 39. Qe7+ Kg8 40. Qe6+ Kg7
41. Qe7+ Kg8 42. Qe6+ Kg7 43. Qe7+ 1/2-1/2

[Event "49th Biel Master Open"]
[Site "Biel SUI"]
[Date "2016.07.27"]
[Round "3.11"]
[White "Safarli, Eltaj"]
[Black "Vernay, Clovis"]
[Result "1-0"]
[WhiteTitle "GM"]
[BlackTitle "IM"]
[WhiteElo "2678"]
[BlackElo "2507"]
[WhiteFideId "13402129"]
[BlackFideId "633046"]
[EventDate "2016.07.25"]

1. e4 e6 2. d4 d5 3. Nc3 Nf6 4. Bg5 dxe4 5. Nxe4 Nbd7 6. Nf3 Be7 7. Nxf6+ gxf6
8. Be3 Nb6 9. Bd3 Qd5 10. O-O Bd7 11. b3 Bc6 12. c4 Qh5 13. d5 exd5 14. c5 Nd7
15. b4 Ne5 16. Be2 Qg6 17. Bd4 Qg7 18. a4 Bd7 19. Re1 c6 20. Ra3 Rg8 21. g3 Be6
22. b5 Nc4 23. Rb3 Qf8 24. bxc6 bxc6 25. Qb1 Rc8 26. Rb8 1-0

[Event "49th Biel Master Open"]
[Site "Biel SUI"]
[Date "2016.07.27"]
[Round "3.12"]
[White "Meier, Georg"]
[Black "Bellaiche, Anthony"]
[Result "1-0"]
[WhiteTitle "GM"]
[BlackTitle "IM"]
[WhiteElo "2657"]
[BlackElo "2499"]
[WhiteFideId "4675789"]
[BlackFideId "615668"]
[EventDate "2016.07.25"]

1. Nf3 d5 2. g3 g6 3. Bg2 Bg7 4. d4 Nh6 5. O-O Nf5 6. c3 Nd6 7. Nbd2 Nd7 8. Re1
Nf6 9. c4 c6 10. b3 O-O 11. Bb2 a5 12. a4 Bf5 13. Rc1 Re8 14. Ne5 h5 15. e3 g5
16. c5 Nde4 17. f3 Nxd2 18. Qxd2 Bh7 19. e4 g4 20. exd5 cxd5 21. Qf4 gxf3 22.
Bxf3 Rf8 23. Ba3 Be4 24. c6 Qc7 25. Bg2 Rae8 26. Nd7 Qxf4 27. gxf4 Nxd7 28. cxd7
Bxd4+ 29. Kh1 Bxg2+ 30. Kxg2 Rd8 31. Rcd1 Bc3 32. Re3 Bb4 33. Rxd5 Kh7 34. Rxh5+
Kg7 35. Rg5+ Kf6 36. Bb2+ e5 37. Rexe5 1-0

[Event "49th Biel Master Open"]
[Site "Biel SUI"]
[Date "2016.07.27"]
[Round "3.13"]
[White "Horvath, Adam1"]
[Black "Sethuraman, S.P."]
[Result "0-1"]
[WhiteTitle "GM"]
[BlackTitle "GM"]
[WhiteElo "2498"]
[BlackElo "2656"]
[WhiteFideId "708003"]
[BlackFideId "5021596"]
[EventDate "2016.07.25"]

1. e4 c5 2. Nf3 d6 3. d4 cxd4 4. Nxd4 Nf6 5. Nc3 a6 6. Be2 e6 7. O-O Be7 8. f4
O-O 9. Kh1 Qc7 10. Be3 b5 11. a3 Bb7 12. Bf3 Nbd7 13. Qe1 Rfe8 14. Rd1 Bf8 15.
Bc1 Nb6 16. b3 g6 17. Bb2 e5 18. Nde2 d5 19. Nxd5 Nfxd5 20. exd5 e4 21. Bg4 Nxd5
22. f5 Bg7 23. Bxg7 Kxg7 24. f6+ Kh8 25. c4 bxc4 26. bxc4 Ne3 27. Rd7 Qxc4 28.
Rxb7 Nxg4 29. h3 Ne3 30. Rf4 Rad8 31. Nc3 Nf5 32. Kh2 Nd6 33. Qh4 Nf5 34. Qg4
Qxc3 35. Rxf5 Qc8 0-1

[Event "49th Biel Master Open"]
[Site "Biel SUI"]
[Date "2016.07.27"]
[Round "3.14"]
[White "Edouard, Romain"]
[Black "Tabatabaei, M.amin"]
[Result "1/2-1/2"]
[WhiteTitle "GM"]
[BlackTitle "IM"]
[WhiteElo "2639"]
[BlackElo "2481"]
[WhiteFideId "633429"]
[BlackFideId "12521213"]
[EventDate "2016.07.25"]

1. d4 Nf6 2. c4 g6 3. Nc3 Bg7 4. e4 d6 5. f3 O-O 6. Be3 c5 7. Nge2 Nc6 8. d5 Ne5
9. Ng3 h5 10. Be2 h4 11. Nf1 e6 12. Nd2 h3 13. g3 b5 14. Nxb5 Rb8 15. dxe6 Bxe6
16. Rb1 Qa5 17. Nc3 Bxc4 18. Nxc4 Nxc4 19. Bxc4 d5 20. e5 dxc4 21. exf6 Rxb2 22.
Bd2 Re8+ 23. Ne4 Qxd2+ 24. Qxd2 Rxb1+ 25. Qd1 Rxd1+ 26. Kxd1 Bh8 27. g4 g5 28.
Kd2 Re6 29. Kc3 Bxf6+ 30. Kxc4 Bd4 31. Rb1 Ra6 32. Nxg5 Rxa2 33. Nxh3 a5 34. Ng5
a4 35. Rb8+ Kg7 36. Rb7 a3 37. Ne6+ Kg6 38. Nxd4 cxd4 39. Kxd4 Ra1 40. Ra7 a2
41. f4 1/2-1/2

[Event "49th Biel Master Open"]
[Site "Biel SUI"]
[Date "2016.07.27"]
[Round "3.15"]
[White "Baklan, Vladimir"]
[Black "Stany, G.A."]
[Result "1-0"]
[WhiteTitle "GM"]
[BlackTitle "IM"]
[WhiteElo "2618"]
[BlackElo "2476"]
[WhiteFideId "14102196"]
[BlackFideId "5029104"]
[EventDate "2016.07.25"]

1. e4 c5 2. Nf3 Nc6 3. Bb5 g6 4. Bxc6 dxc6 5. d3 Bg7 6. h3 Nf6 7. Bd2 c4 8. e5
Nd7 9. d4 c5 10. Bc3 Qc7 11. e6 fxe6 12. dxc5 Bf6 13. Qe2 Nxc5 14. Qxc4 Bd7 15.
O-O Rc8 16. Qe2 Na4 17. Bxf6 exf6 18. c4 e5 19. b3 Nc5 20. Nc3 Bc6 21. Qe3 Ne6
22. Nd5 Bxd5 23. cxd5 Nf4 24. Rac1 Qxc1 25. Rxc1 Rxc1+ 26. Kh2 Rc8 27. Nxe5 Nxd5
28. Qe4 fxe5 29. Qxd5 b6 30. Qe6+ Kd8 31. Qf7 Re8 32. Qxh7 Rc2 33. Qxa7 Re6 34.
Qf7 Rd6 35. a4 Rb2 36. h4 Rdd2 37. Qxg6 Rxf2 38. Qxb6+ Kc8 39. Qc6+ 1-0

[Event "49th Biel Master Open"]
[Site "Biel SUI"]
[Date "2016.07.27"]
[Round "3.16"]
[White "Haimovich, Tal"]
[Black "Salem, A.R. Saleh"]
[Result "0-1"]
[WhiteTitle "IM"]
[BlackTitle "GM"]
[WhiteElo "2383"]
[BlackElo "2608"]
[WhiteFideId "2801698"]
[BlackFideId "9301348"]
[EventDate "2016.07.25"]

1. e4 c5 2. Nf3 d6 3. d4 cxd4 4. Nxd4 Nf6 5. Nc3 a6 6. Be2 e5 7. Nb3 Be7 8. O-O
O-O 9. Re1 Be6 10. Bf3 Nbd7 11. a4 Qc7 12. Nd2 Rfc8 13. Nf1 Qc5 14. Ne3 Bd8 15.
Nf5 d5 16. Nxg7 Kxg7 17. exd5 Bf5 18. d6 e4 19. Nxe4 Nxe4 20. Bxe4 Bxe4 21. Rxe4
Nf6 22. Re2 Qd5 23. Rd2 Qh5 24. Re2 Bb6 25. Bd2 Re8 26. Rxe8 Rxe8 27. Qxh5 Nxh5
28. Bc3+ Kg6 29. Kf1 Nf4 30. Rd1 Rd8 31. a5 Bc5 32. d7 Ne6 33. Rd5 Be7 34. Rd3
Nf8 35. Rg3+ Kf5 36. Re3 Rxd7 37. g3 Kg6 38. Re4 h5 39. Ke2 Ne6 40. f4 Rd5 41.
h3 Bf6 42. g4 hxg4 43. hxg4 Bxc3 44. f5+ Kf6 45. fxe6 Re5 46. Rxe5 Bxe5 47. exf7
Kxf7 48. c3 Ke6 49. Kd3 Kd5 50. b4 Bf6 51. c4+ Ke5 52. Kc3 Ke4+ 53. Kb3 Kd4 0-1

[Event "49th Biel Master Open"]
[Site "Biel SUI"]
[Date "2016.07.27"]
[Round "3.17"]
[White "Mroziak, Maciej"]
[Black "Brkic, Ante"]
[Result "1/2-1/2"]
[BlackTitle "GM"]
[WhiteElo "2306"]
[BlackElo "2585"]
[WhiteFideId "1139665"]
[BlackFideId "14506688"]
[EventDate "2016.07.25"]

1. e4 e5 2. Nf3 Nc6 3. d4 exd4 4. Nxd4 Nf6 5. Nxc6 bxc6 6. e5 Qe7 7. Qe2 Nd5 8.
c4 Nb6 9. Nc3 Ba6 10. b3 O-O-O 11. Bb2 Re8 12. f4 f6 13. O-O-O fxe5 14. fxe5
Qxe5 15. Qxe5 Rxe5 16. Bd3 Re3 17. Rhe1 Bc5 18. Ne4 Rxe1 19. Rxe1 Bb4 20. Bxg7
Rg8 21. Bc3 Bxc3 22. Nxc3 Rxg2 23. Re8+ Kb7 24. Ne4 d6 25. Re7 Nd5 26. Rxh7 Kb6
27. Nd2 Rg1+ 28. Kb2 Rg2 29. Kc1 Rg1+ 30. Kb2 Rg2 31. Kc1 1/2-1/2

[Event "49th Biel Master Open"]
[Site "Biel SUI"]
[Date "2016.07.27"]
[Round "3.18"]
[White "Donchenko, Alexander"]
[Black "Nezad, Husein Aziz"]
[Result "1/2-1/2"]
[WhiteTitle "GM"]
[BlackTitle "IM"]
[WhiteElo "2583"]
[BlackElo "2419"]
[WhiteFideId "24603295"]
[BlackFideId "12100293"]
[EventDate "2016.07.25"]

1. c4 Nf6 2. g3 g6 3. Bg2 c5 4. Nc3 Bg7 5. Nf3 O-O 6. O-O d5 7. cxd5 Nxd5 8.
Nxd5 Qxd5 9. d3 Nc6 10. Be3 Bd7 11. Nd4 Qd6 12. Nxc6 Bxc6 13. Bxc6 Qxc6 14. Rc1
Qa6 15. Rxc5 b6 16. Rc2 Qxa2 17. Qa1 Qb3 18. Rfc1 a5 19. Qa3 a4 20. d4 Qxa3 21.
bxa3 Rfd8 22. Rb1 Bxd4 23. Bxd4 Rxd4 24. Rxb6 Rd1+ 25. Kg2 Ra7 26. Rb4 Ra1 27.
Rc3 Ra2 28. Kf3 Kg7 29. g4 g5 30. Re3 e6 31. Kg3 1/2-1/2

[Event "49th Biel Master Open"]
[Site "Biel SUI"]
[Date "2016.07.27"]
[Round "3.19"]
[White "Jumabayev, Rinat"]
[Black "Kambrath, Yannick"]
[Result "1/2-1/2"]
[WhiteTitle "GM"]
[BlackTitle "FM"]
[WhiteElo "2613"]
[BlackElo "2376"]
[WhiteFideId "13702661"]
[BlackFideId "20632525"]
[EventDate "2016.07.25"]

1. d4 Nf6 2. c4 e6 3. g3 d5 4. Nf3 Bb4+ 5. Bd2 Be7 6. Bg2 O-O 7. O-O Nbd7 8. Qc2
Ne4 9. Rd1 c6 10. Be1 f5 11. Nbd2 g5 12. Nxe4 fxe4 13. Nd2 Bf6 14. Nf1 Qe7 15.
Ne3 Qg7 16. Bc3 b6 17. Qd2 g4 18. Bb4 Rf7 19. cxd5 cxd5 20. Rac1 Nf8 21. f3 gxf3
22. exf3 exf3 23. Bxf3 Bg5 24. Bh5 Ng6 25. Rc3 Bb7 26. Qe2 a5 27. Ba3 Ba6 28.
Qg4 Qf6 29. Kh1 Rd8 30. h4 Bh6 31. Ng2 Kh8 32. Rf3 Qxf3 33. Qxf3 Rxf3 34. Bxf3
Rc8 35. Re1 Rc6 36. h5 Nf8 37. Nf4 Bc8 38. Nd3 Kg8 39. Bg4 Ba6 40. Nf4 Bxf4 41.
gxf4 Bd3 42. Re5 Rc2 43. f5 Nd7 44. Rxe6 Be4+ 45. Kg1 Rg2+ 46. Kf1 Rxg4 47. Re8+
Kf7 48. Re7+ Kf6 49. Rxd7 b5 50. Bf8 Kxf5 51. Rxh7 Kf4 52. Rf7+ Ke3 53. Bh6+
Kxd4 54. Bf4 Kd3 55. h6 d4 56. b3 a4 57. bxa4 bxa4 58. a3 Bg6 59. Rf6 Be4 60.
Rf8 Kc2 61. Rc8+ Kd3 62. Rf8 Kc2 1/2-1/2

[Event "49th Biel Master Open"]
[Site "Biel SUI"]
[Date "2016.07.27"]
[Round "3.20"]
[White "Saravanan, V."]
[Black "Bellahcene, Bilel"]
[Result "1/2-1/2"]
[WhiteTitle "IM"]
[BlackTitle "IM"]
[WhiteElo "2281"]
[BlackElo "2498"]
[WhiteFideId "5000580"]
[BlackFideId "696358"]
[EventDate "2016.07.25"]

1. Nf3 d5 2. d4 e6 3. c4 c6 4. Qc2 dxc4 5. Qxc4 b5 6. Qc2 Bb7 7. e4 Nd7 8. Be2
Rc8 9. O-O a6 10. a4 Ngf6 11. Bg5 Qb6 12. Nbd2 h6 13. Be3 c5 14. Rfc1 Ng4 15.
Bf4 g5 16. Bg3 Ngf6 17. axb5 axb5 18. dxc5 Rxc5 19. Qd3 Be7 20. Rxc5 Bxc5 21.
Qxb5 O-O 22. Qxb6 Bxb6 23. Bd6 Rc8 24. Nc4 Nxe4 25. Nxb6 Nxb6 26. Be5 f6 27. Bd4
Nd5 28. Bd3 Nd6 29. Be3 e5 30. Ne1 Nxe3 31. fxe3 Kf7 32. Kf2 Ke6 33. Rd1 f5 34.
g3 h5 35. Bb1 Ne4+ 36. Kg1 Bd5 37. Nf3 Bb3 38. Rf1 g4 39. Nh4 Kd7 40. Ng6 Rc5
41. Bxe4 fxe4 42. Rf5 Ke6 43. Rxh5 Kf6 44. Nh4 Rc1+ 45. Kf2 Bd1 46. Rh6+ Kf7 47.
Rh7+ Ke6 48. Rh6+ Kd7 49. b4 Rc2+ 50. Ke1 Bf3 51. Nf5 Re2+ 52. Kf1 Rb2 53. Rd6+
Kc7 54. Re6 Rxb4 55. Rxe5 Rb1+ 56. Kf2 Rb2+ 57. Kf1 Rxh2 58. Ke1 Re2+ 59. Kf1
Ra2 60. Ke1 Re2+ 61. Kf1 Rd2 62. Ke1 Rd1+ 63. Kf2 Kb6 64. Nh4 Rd2+ 65. Kf1 Rd1+
66. Kf2 Rd2+ 1/2-1/2

[Event "49th Biel Master Open"]
[Site "Biel SUI"]
[Date "2016.07.28"]
[Round "4.1"]
[White "Kovchan, Alexander"]
[Black "Shankland, Samuel L"]
[Result "1/2-1/2"]
[WhiteTitle "GM"]
[BlackTitle "GM"]
[WhiteElo "2576"]
[BlackElo "2661"]
[WhiteFideId "14103052"]
[BlackFideId "2004887"]
[EventDate "2016.07.25"]

1. e4 e6 2. d4 d5 3. Nc3 Nf6 4. Bg5 dxe4 5. Nxe4 Be7 6. Bxf6 gxf6 7. Nf3 f5 8.
Nc3 a6 9. g3 b5 10. Bg2 Bb7 11. O-O c5 12. dxc5 Bxc5 13. Ne5 Bxg2 14. Kxg2 Nd7
15. Nxd7 Qxd7 16. Qf3 Rc8 17. Rfe1 Qc6 18. Nd5 Kf8 19. Nf4 Bd6 20. c3 Bxf4 21.
Qxc6 Rxc6 22. gxf4 Rc4 23. Kf3 Ke7 24. a3 Rg8 25. Rad1 a5 26. Rd4 Rxd4 27. cxd4
Rd8 28. Re5 Rd5 29. Rxd5 exd5 1/2-1/2

[Event "49th Biel Master Open"]
[Site "Biel SUI"]
[Date "2016.07.28"]
[Round "4.2"]
[White "Kraemer, Martin"]
[Black "Bachmann, Axel"]
[Result "1/2-1/2"]
[WhiteTitle "GM"]
[BlackTitle "GM"]
[WhiteElo "2567"]
[BlackElo "2649"]
[WhiteFideId "4671910"]
[BlackFideId "3700488"]
[EventDate "2016.07.25"]

1. e4 c5 2. Nf3 e6 3. d4 cxd4 4. Nxd4 a6 5. Bd3 Nf6 6. O-O Qc7 7. Qe2 d6 8. c4
g6 9. Nc3 Bg7 10. Nf3 Nc6 11. h3 O-O 12. Bf4 Nd7 13. Rac1 Nde5 14. b3 b6 15.
Rfd1 Bb7 16. Bb1 Rac8 17. Be3 Rfd8 18. Bg5 Re8 19. Nh2 f5 20. Be3 Nb8 21. Qd2
Nf7 22. Nf1 b5 23. exf5 gxf5 24. Ng3 bxc4 25. Nh5 Bh6 26. bxc4 Nd7 27. Ne2 Nde5
28. c5 Bxg2 29. Kxg2 Qc6+ 30. Kf1 Nf3 31. Qb4 Nh2+ 32. Kg1 Nf3+ 33. Kf1 Nh2+ 34.
Kg1 Nf3+ 1/2-1/2

[Event "49th Biel Master Open"]
[Site "Biel SUI"]
[Date "2016.07.28"]
[Round "4.3"]
[White "Sethuraman, S.P."]
[Black "Aravindh, Chithambaram VR."]
[Result "1/2-1/2"]
[WhiteTitle "GM"]
[BlackTitle "GM"]
[WhiteElo "2656"]
[BlackElo "2543"]
[WhiteFideId "5021596"]
[BlackFideId "5072786"]
[EventDate "2016.07.25"]

1. e4 c5 2. Nf3 Nc6 3. d4 cxd4 4. Nxd4 Nf6 5. Nc3 e5 6. Ndb5 d6 7. Bg5 a6 8. Na3
b5 9. Nd5 Be7 10. Bxf6 Bxf6 11. c3 O-O 12. Nc2 Rb8 13. h4 a5 14. Nce3 b4 15. Nc4
bxc3 16. bxc3 Be6 17. g3 Ne7 18. Nxf6+ gxf6 19. Qxd6 Rc8 20. Qxd8 Rfxd8 21. Nxa5
Rxc3 22. Bg2 Ra8 23. Nb7 Ra7 24. Nd6 Ra6 25. Rd1 Bg4 26. f3 Bxf3 27. Bxf3 Rxf3
28. Rf1 Rxf1+ 29. Kxf1 Rxa2 30. Rd3 Ra6 31. Kf2 h5 32. Kf3 Ra1 33. Kf2 Ra2+ 34.
Kf3 Ra1 35. Kf2 Ra8 36. Rb3 Rd8 37. Rb6 Kg7 38. Ke3 Kg6 39. Nc4 Kg7 40. Nd6 Ra8
41. Kf3 Kg6 42. Nc4 Kg7 43. Nd6 Ra3+ 44. Kf2 Ra2+ 45. Kf3 Kg6 46. Nc4 Kg7 47.
Nd6 Kg6 48. Nc4 Kg7 1/2-1/2

[Event "49th Biel Master Open"]
[Site "Biel SUI"]
[Date "2016.07.28"]
[Round "4.4"]
[White "Salem, A.R. Saleh"]
[Black "Safarli, Eltaj"]
[Result "1/2-1/2"]
[WhiteTitle "GM"]
[BlackTitle "GM"]
[WhiteElo "2608"]
[BlackElo "2678"]
[WhiteFideId "9301348"]
[BlackFideId "13402129"]
[EventDate "2016.07.25"]

1. Nf3 Nf6 2. c4 e6 3. g3 d5 4. b3 Be7 5. Bg2 O-O 6. O-O b6 7. Bb2 Bb7 8. e3 c5
9. Nc3 Nbd7 10. Qe2 Ne4 11. Rfd1 Bf6 12. cxd5 exd5 13. d4 Nxc3 14. Bxc3 Re8 15.
Rac1 Rc8 16. Qb2 c4 17. Nd2 cxb3 18. Qxb3 Nf8 19. Bb2 Qd7 20. Nb1 Rxc1 21. Rxc1
Ne6 22. Nc3 Rd8 23. a4 Be7 24. Ra1 Bc6 25. h4 h5 26. Ba3 Bxa3 27. Rxa3 Nc7 28.
Ra1 Ne8 29. Ne2 Nf6 30. Nf4 g6 31. a5 Rb8 32. Bf3 Qd6 33. axb6 Rxb6 34. Qa3 Qxa3
35. Rxa3 a6 36. Ra5 Kf8 37. Nxd5 Rb1+ 38. Kg2 Ng4 39. e4 Bb5 40. Bxg4 hxg4 41.
Nf4 Rb4 42. d5 Rxe4 43. f3 1/2-1/2

[Event "49th Biel Master Open"]
[Site "Biel SUI"]
[Date "2016.07.28"]
[Round "4.5"]
[White "Shyam, Sundar M."]
[Black "Meier, Georg"]
[Result "1/2-1/2"]
[WhiteTitle "GM"]
[BlackTitle "GM"]
[WhiteElo "2526"]
[BlackElo "2657"]
[WhiteFideId "5019141"]
[BlackFideId "4675789"]
[EventDate "2016.07.25"]

1. e4 e6 2. d4 d5 3. e5 c5 4. c3 Nc6 5. Nf3 Qb6 6. a3 Nh6 7. Bd3 Bd7 8. Bc2 cxd4
9. cxd4 Nf5 10. Bxf5 exf5 11. Nc3 Be6 12. b4 Be7 13. O-O O-O 14. Qd3 Rfc8 15.
Bd2 Qd8 16. Rfc1 a5 17. b5 Nb8 18. Na4 Nd7 19. Qb3 Rc4 20. Bc3 Nb6 21. Nxb6 Qxb6
22. a4 Rac8 23. Bd2 h6 24. h4 Qd8 25. h5 Bb4 26. Qb2 Be7 27. Ne1 Bg5 28. Nf3 Be7
29. Ne1 Bg5 30. Nf3 Be7 1/2-1/2

[Event "49th Biel Master Open"]
[Site "Biel SUI"]
[Date "2016.07.28"]
[Round "4.6"]
[White "Karthikeyan, Murali"]
[Black "Balogh, Csaba"]
[Result "1/2-1/2"]
[WhiteTitle "GM"]
[BlackTitle "GM"]
[WhiteElo "2513"]
[BlackElo "2635"]
[WhiteFideId "5074452"]
[BlackFideId "718939"]
[EventDate "2016.07.25"]

1. e4 e5 2. Nf3 Nc6 3. Bb5 Nf6 4. d3 Bc5 5. Bxc6 dxc6 6. h3 O-O 7. O-O Nd7 8.
Be3 Bd6 9. Nbd2 Re8 10. Nc4 Nf8 11. a4 c5 12. a5 Ng6 13. Qd2 Bf8 14. Rfd1 f6 15.
c3 Be6 16. Qe2 Bf7 17. Rab1 b5 18. axb6 axb6 19. b4 cxb4 20. cxb4 Ra4 21. b5 Qa8
22. Qc2 Rd8 23. Nb2 Ra5 24. Qxc7 Rxb5 25. Ra1 Qb8 26. Qxb8 Rxb8 27. Na4 Rb4 28.
Rdb1 b5 29. Nc5 Rxb1+ 30. Rxb1 b4 31. Nd7 Rb7 32. Nxf8 Nxf8 33. d4 Bg6 34. Nd2
exd4 35. Bxd4 Ne6 36. Be3 f5 37. f4 fxe4 38. g4 Nc7 39. f5 Nd5 40. fxg6 Nxe3 41.
gxh7+ Kxh7 42. Nxe4 Nc4 43. Nc5 Rb5 44. Nb3 Rd5 45. Kf2 Na3 46. Rb2 Nc4 47. Rb1
Na3 48. Rb2 Nc4 1/2-1/2

[Event "49th Biel Master Open"]
[Site "Biel SUI"]
[Date "2016.07.28"]
[Round "4.7"]
[White "Khairullin, Ildar"]
[Black "Kunin, Vitaly"]
[Result "1/2-1/2"]
[WhiteTitle "GM"]
[BlackTitle "GM"]
[WhiteElo "2629"]
[BlackElo "2592"]
[WhiteFideId "4151348"]
[BlackFideId "4128737"]
[EventDate "2016.07.25"]

1. d4 Nf6 2. c4 e6 3. Nf3 d5 4. Nc3 c5 5. cxd5 Nxd5 6. e4 Nxc3 7. bxc3 cxd4 8.
cxd4 Bb4+ 9. Bd2 Bxd2+ 10. Qxd2 O-O 11. Bc4 Nd7 12. O-O b6 13. Rfe1 Bb7 14. a4
Rc8 15. Bb5 Nf6 16. Bd3 h6 17. a5 b5 18. a6 Bc6 19. Qb4 Qb6 20. Nd2 e5 21. d5
Bd7 22. Nb3 Rc7 23. Rec1 Rfc8 24. Rxc7 Rxc7 25. h3 1/2-1/2

[Event "49th Biel Master Open"]
[Site "Biel SUI"]
[Date "2016.07.28"]
[Round "4.8"]
[White "Gaehwiler, Gabriel"]
[Black "Baklan, Vladimir"]
[Result "1/2-1/2"]
[WhiteTitle "FM"]
[BlackTitle "GM"]
[WhiteElo "2392"]
[BlackElo "2618"]
[WhiteFideId "1314530"]
[BlackFideId "14102196"]
[EventDate "2016.07.25"]

1. e4 e6 2. d4 d5 3. Nc3 Nf6 4. Bg5 dxe4 5. Nxe4 Nbd7 6. Nf3 h6 7. Nxf6+ Nxf6 8.
Bh4 c5 9. Bd3 cxd4 10. Nxd4 Be7 11. O-O O-O 12. c3 Qb6 13. Qe2 Bd7 14. Bc2 Rfe8
15. Rfe1 Rad8 16. Rad1 Kf8 17. Bb3 Kg8 18. Bc2 Kf8 19. Bb3 Kg8 20. Bc2 1/2-1/2

[Event "49th Biel Master Open"]
[Site "Biel SUI"]
[Date "2016.07.28"]
[Round "4.9"]
[White "Saric, Ivan"]
[Black "Al-Sayed, Mohammed"]
[Result "1-0"]
[WhiteTitle "GM"]
[BlackTitle "GM"]
[WhiteElo "2660"]
[BlackElo "2524"]
[WhiteFideId "14508150"]
[BlackFideId "12100196"]
[EventDate "2016.07.25"]

1. e4 e5 2. Nf3 Nc6 3. Bb5 a6 4. Ba4 Nf6 5. O-O Nxe4 6. d4 b5 7. Bb3 d5 8. dxe5
Be6 9. Nbd2 Nc5 10. c3 Be7 11. Bc2 d4 12. Nb3 d3 13. Bb1 Nxb3 14. axb3 Bf5 15.
Re1 O-O 16. h3 Qd7 17. b4 Rfd8 18. g4 Bg6 19. Ba2 Kh8 20. Bf4 Rf8 21. Bg3 f5 22.
exf6 Bxf6 23. Be6 Qd8 24. Re3 a5 25. h4 axb4 26. Rxa8 Qxa8 27. h5 bxc3 28. bxc3
Be8 29. Qxd3 Qd8 30. Qe4 Qe7 31. Qd5 b4 32. cxb4 Nxb4 33. Qc4 c5 34. h6 Nc6 35.
Bd5 1-0